'Hello' Lyrics Quiz Stats

 Plays Quiz Updated Oct 28, 2015

Also try: 'Hey Jude' Lyrics
Challenge
Share
Tweet
Embed
Score 0/257 Timer 08:00
0 Plays Today
% Correct
Hello,
99.5%
Hello,
99.5%
Hello
99.5%
Hello,
99.5%
hello
99.5%
(chorus)
99.5%
Hello
99.5%
Hello
99.4%
I
98.9%
I
98.9%
I
98.9%
I
98.9%
I
98.9%
I
98.9%
I
98.9%
I
98.9%
I
98.8%
I
98.8%
me.
96.5%
me?
96.5%
me
96.5%
a
96.4%
a
96.4%
a
96.4%
a
96.4%
you
96.4%
you
96.4%
you
96.4%
you?
96.4%
you
96.4%
you
96.4%
you
96.4%
you
96.4%
you
96.3%
you
96.3%
'ya,
96.3%
you
96.3%
it
95.5%
it
95.5%
it
95.5%
it
95.5%
it
95.5%
the
95.4%
the
95.4%
the
95.4%
the
95.4%
it
95.4%
the
95.4%
the
95.3%
it's
94.2%
It's
94.2%
It's
94.2%
ooohh...
93.8%
ooohh...
93.7%
ooohh...
93.7%
to
93.4%
To
93.4%
to
93.3%
to
93.3%
to
93.3%
to
93.3%
to
93.3%
to
93.3%
to
93.3%
to
93.3%
to
93.3%
from
87.1%
from
87.1%
from
87.1%
from
87.1%
be
87.1%
be
87.1%
be
87%
for
86.2%
for
86.2%
for
86.2%
for
86.2%
so
85.9%
So
85.9%
I'm
85.7%
I'm
85.7%
I'm
85.7%
I'm
85.7%
I'm
85.7%
I'm
85.7%
time.
85.7%
% Correct
that
85.2%
that
85.2%
that
85.2%
that
85.2%
that
85.2%
that
85.2%
that
85.2%
that
85.2%
side.
85%
side
85%
can
84.9%
can
84.9%
can
84.9%
other
84.8%
other
84.8%
hear
84.7%
if
83.5%
all
82.5%
ever
82.4%
ever
82.4%
was
82.2%
go
82.1%
wondering
81.7%
sorry
81.6%
sorry
81.6%
sorry.
81.6%
sorry
81.6%
sorry
81.6%
time's
81%
times
81%
times
81%
tell
80.6%
tell
80.6%
tell
80.6%
tell
80.5%
we
80.2%
we
80.2%
everything.
80%
everything
80%
everything
80%
call
79.9%
call
79.9%
I've
79.5%
I've
79.5%
I've
79.4%
I've
79.4%
say
79.2%
say
79.2%
say
79.1%
thousand
78.1%
done.
78.1%
done
78.1%
thousand
78.1%
done.
78.1%
like
77.8%
called
77.7%
called
77.7%
But
77.6%
But
77.6%
but
77.6%
But
77.6%
But
77.6%
and
76.4%
and
76.4%
out
76.3%
out
76.3%
when
76.2%
when
76.2%
when
76.2%
after
76%
us
75.9%
us
75.9%
must've
75.9%
must've
75.8%
how
75.8%
over
75.8%
how
75.8%
in
75%
your
74.7%
your
74.7%
these
74.4%
years
74.2%
are
73.4%
are
73.4%
you'd
73.3%
meet?
72.8%
% Correct
about
70.9%
about
70.9%
at
70.7%
At
70.7%
At
70.6%
of
70.4%
of
70.4%
of
70.4%
of
70.4%
were
69.7%
They
69.5%
outside.
68.8%
California
68.8%
outside.
68.8%
tried
68.7%
tried
68.7%
never
68%
heal
68%
never
68%
used
67.6%
dreaming
67.3%
seem
66.9%
seem
66.9%
heart.
66.2%
heart.
66.2%
breaking
65.4%
breaking
65.4%
home.
65.3%
home.
65.2%
least
64.5%
least
64.4%
who
63.9%
much
63.9%
younger
62.5%
no
62.4%
supposed
62.3%
healing.
61.9%
free.
61.3%
ain't
59.9%
anymore,
59.7%
Anymore,
59.7%
Anymore,
59.7%
Anymore,
59.7%
anymore.
59.7%
anymore.
59.7%
don't
58.2%
don't
58.2%
talk
57.7%
doesn't
57.4%
doesn't
57.4%
matter,
56%
matter,
56%
apart
55.9%
apart
55.9%
where
55.7%
tear
54.9%
tear
54.8%
our
52.3%
between
52.2%
million
51.9%
clearly
51.8%
clearly
51.8%
myself,
51.7%
miles.
51.1%
Did
50.2%
typical
50%
world
49.7%
both
49.5%
running
48.6%
feet.
48.4%
felt
48.1%
forgotten
48%
town
47.9%
you're
47.9%
There's
47.7%
difference
47.6%
make
47.4%
hope
46.9%
nothing
46.5%
such
46.1%
fell
44.9%
secret
43.9%
before
42.9%
happened?
42.6%
well.
39.8%

You're not logged in!

Compare scores with friends on all Sporcle quizzes.
Join for Free
OR
Log In

You Might Also Like...

Show Comments

Extras

Top Quizzes Today


Score Distribution

Your Account Isn't Verified!

In order to create a playlist on Sporcle, you need to verify the email address you used during registration. Go to your Sporcle Settings to finish the process.

Report this User

Report this user for behavior that violates our Community Guidelines.

Details: